000 00496nam a2200193Ia 4500
008 240729s9999 xx 000 0 und d
022 _a2730-7182
245 0 _aBMC Ecology and Evolution
260 _aUnited Kingdom
260 _bBMC
650 _a Biology (General)
650 _a Biology (General)
650 _a Ecology | Science
650 _a Evolution
650 _aScience
856 _uhttps://doaj.org/toc/d5788a5be7d8420ba2caa85920cff118
942 _2ddc
942 _cDOAJEJ
999 _c73963
_d73963
945 _a1
_bMadushi Gamage
_c1
_dMadushi Gamage